Shallow Hal [

General viewing for all ages (U)

Bibliographic Details
Main Author: Farrelly, Bobby
Format: Book
Published: s.l : Twentieth Century Fox Film Corporation , 2001
Subjects:

MARC

LEADER 00000cam a2200000 7i4500
001 0000076607
005 20080522.0
090 0 0 |a F   |b HAL 
100 1 |a Farrelly, Bobby 
245 1 0 |a Shallow Hal [  |h video compact disc]   |c Bobby Farrelly 
260 |a s.l :   |b Twentieth Century Fox Film Corporation ,   |c 2001 
300 |a 2 Video compact disc (120 minutes) :   |b col 
500 |a Library has 2 copies 
520 0 |a General viewing for all ages (U) 
650 0 0 |a Movies 
650 0 0 |a Movies, English 
999 |a AV 06973   |b VIDEO COMPACT DISC   |c FICTION   |e PERPUSTAKAAN KOMUNITI PETALING JAYA 
999 |a AV 06974   |b VIDEO COMPACT DISC   |c FICTION   |e PERPUSTAKAAN KOMUNITI PETALING JAYA